00493pam a2200145 a 4500020000500000041000500005082001200010100001500022245008300037260003200120300001200152930000900164999001700173952015700190 c h a628.162 aSpeelaman. aHandbook of water and west water treatment plant operationshTextual Documents aLondon :bRC Press ,c2014. a873 pg. a9314 c86219d86219 001040708ReferenceaYMPbYMPd2021-06-07eBharati Sahakari Madhyavarti Grahak Bhandarl0o628.162 pYMP-39336r2023-02-24 00:00:00t1w2023-02-24yBK